Test-Taking Strategies / (Record no. 12301)
[ view plain ]
| 000 -LEADER | |
|---|---|
| fixed length control field | 01474cam a2200325 a 4500 |
| 001 - CONTROL NUMBER | |
| control field | 13145430 |
| 005 - DATE AND TIME OF LATEST TRANSACTION | |
| control field | 20060908113926.0 |
| 008 - FIXED-LENGTH DATA ELEMENTS--GENERAL INFORMATION | |
| fixed length control field | 030402r20031981wiu b 000 0 eng |
| 010 ## - LIBRARY OF CONGRESS CONTROL NUMBER | |
| LC control number | 2003045823 |
| 020 ## - INTERNATIONAL STANDARD BOOK NUMBER | |
| International Standard Book Number | 029919194X (pbk. : alk. paper) |
| 040 ## - CATALOGING SOURCE | |
| Original cataloging agency | DLC |
| Transcribing agency | DLC |
| Modifying agency | DLC |
| 043 ## - GEOGRAPHIC AREA CODE | |
| Geographic area code | n-us--- |
| 050 00 - LIBRARY OF CONGRESS CALL NUMBER | |
| Classification number | LB3060.57 |
| Item number | .K36 2003 |
| 082 00 - DEWEY DECIMAL CLASSIFICATION NUMBER | |
| Classification number | 371.26 |
| Edition number | 21 |
| Item number | KES |
| 100 1# - MAIN ENTRY--PERSONAL NAME | |
| Personal name | Kesselman-Turkel, Judi. |
| 9 (RLIN) | 7882 |
| 245 10 - TITLE STATEMENT | |
| Title | Test-Taking Strategies / |
| Statement of responsibility, etc | Judi Kesselman-Turkel and Franklynn Peterson. |
| 260 ## - PUBLICATION, DISTRIBUTION, ETC. (IMPRINT) | |
| Place of publication, distribution, etc | Madison : |
| Name of publisher, distributor, etc | University of Wisconsin Press, |
| Date of publication, distribution, etc | c1981. |
| 300 ## - PHYSICAL DESCRIPTION | |
| Extent | vi, 120 p. ; |
| Dimensions | 20 cm. |
| 490 #0 - Series Statement | |
| Series statement | Study smart series ; |
| 500 ## - GENERAL NOTE | |
| General note | Originally published: Chicago : Contemporary Books, c1981. |
| 504 ## - BIBLIOGRAPHY, ETC. NOTE | |
| Bibliography, etc | Includes bibliographical references ([99]-100). |
| 650 #0 - SUBJECT ADDED ENTRY--TOPICAL TERM | |
| Topical term or geographic name as entry element | Test-taking skills. |
| 9 (RLIN) | 7884 |
| 650 #0 - SUBJECT ADDED ENTRY--TOPICAL TERM | |
| Topical term or geographic name as entry element | Examinations |
| Geographic subdivision | United States |
| Form subdivision | Study guides. |
| 9 (RLIN) | 7885 |
| 700 1# - ADDED ENTRY--PERSONAL NAME | |
| Personal name | Peterson, Franklynn. |
| 9 (RLIN) | 7886 |
| 856 42 - ELECTRONIC LOCATION AND ACCESS | |
| Materials specified | Contributor biographical information |
| Uniform Resource Identifier | <a href="http://www.loc.gov/catdir/enhancements/fy0666/2003045823-b.html">http://www.loc.gov/catdir/enhancements/fy0666/2003045823-b.html</a> |
| 856 42 - ELECTRONIC LOCATION AND ACCESS | |
| Materials specified | Publisher description |
| Uniform Resource Identifier | <a href="http://www.loc.gov/catdir/enhancements/fy0666/2003045823-d.html">http://www.loc.gov/catdir/enhancements/fy0666/2003045823-d.html</a> |
| 942 ## - ADDED ENTRY ELEMENTS (KOHA) | |
| Source of classification or shelving scheme | Dewey Decimal Classification |
| Item type | Book - Borrowing |
| Withdrawn status | Item status | Source of classification or shelving scheme | Damaged status | Not for loan | Vendor | Home library | Current library | Shelving location | Date acquired | Source of acquisition | Cost, normal purchase price | Serial Enumeration / chronology | Total Checkouts | Total Renewals | Full call number | Barcode | Date last seen | Date last borrowed | Koha item type |
|---|---|---|---|---|---|---|---|---|---|---|---|---|---|---|---|---|---|---|---|
| Dewey Decimal Classification | Alahram | Central Library | Central Library | First floor | 09/07/2009 | 71.80 | 357 | 2 | 1 | 371.26 KES | 000017299 | 15/07/2025 | 18/12/2014 | Book - Borrowing |